Państwa PKB per capita (świat) - Statystyki

Ogólne statystyki
  • Ten quiz został rozwiązany 108 razy
  • Średni wynik to 22 z 32
Statystyki odpowiedzi
PKB Kraj % Poprawnych
136 700 $ Luksemburg
91%
69 200 $ Stany Zjednoczone
91%
50 800 $ Niemcy
90%
39 300 $ Japonia
86%
60 000 $ Szwecja
86%
89 100 $ Norwegia
85%
44 900 $ Francja
84%
93 700 $ Szwajcaria
83%
54 000 $ Finlandia
81%
52 100 $ Kanada
81%
47 200 $ Wielka Brytania
81%
58 300 $ Holandia
80%
35 500 $ Włochy
79%
34 800 $ Korea Południowa
78%
51 900 $ Belgia
77%
67 800 $ Dania
77%
63 500 $ Australia
74%
53 400 $ Austria
73%
68 600 $ Katar
73%
99 000 $ Irlandia
72%
69 000 $ Islandia
67%
72 800 $ Singapur
65%
42 900 $ Zjednoczone Emiraty Arabskie
60%
48 400 $ Nowa Zelandia
59%
41 900 $ Andora
56%
50 500 $ San Marino
53%
51 400 $ Izrael
45%
33 800 $ Tajwan
40%
33 300 $ Malta
38%
44 800 $ Brunei
26%
30 800 $ Cypr
26%
49 700 $ Hongkong
19%
Nie znaleziono quizów pasujących do podanych kryteriów
Rozkład punktacji
Procent ludzi z każdym wynikiem
Percentyl według liczby udzielonych odpowiedzi
Twoja historia wyników
Nie rozwiązałeś tego quizu